000 00459nam a2200181Ia 4500
001 18968
005 20260306171709.0
008 260306s9999||||xx |||||||||||||| ||und||
041 _aESP
082 _a658.575
_bL49
100 _aLerma Kirchner, Alejandro E.
_eAUT
245 0 _aDesarrollo de productos:
_buna visión integral
260 _c2017
300 _axvi, 367 páginas :
_c24 cm.
650 _aGEN
654 _aCAN
942 _cLIB
_dJUS
_fJUS
_2ddc
_n
999 _c18968
_d18968